| 000 | 00923nam a22003017a 4500 | ||
|---|---|---|---|
| 001 | 5434 | ||
| 003 | FISKH | ||
| 005 | 20241206115419.0 | ||
| 008 | 241206b cb ||||| |||| 00| 0 eng d | ||
| 020 | _a9780439792073 | ||
| 040 |
_aFISKH _beng _cFISKH _dFISKH |
||
| 050 | _aQL100.Z85 | ||
| 082 | _a591.6 | ||
| 100 | _aZullo, Allan | ||
| 245 |
_aSurviving sharks : _band other dangerous creatures / _cby Allan Zullo |
||
| 250 | _aFirst printing , January 2006 | ||
| 260 |
_aNew York : _bScholastic ; _c2006 . |
||
| 300 |
_a151 pages : _billustrations ; _c20 cm . |
||
| 490 | _aTen true tales | ||
| 505 | _aZ | ||
| 520 | _aTen true stories of real-life survivors of attacks by some of the animal kingdom's scariest predators! | ||
| 521 | 8 |
_a930
_bLexile |
|
| 521 | 8 |
_aZ
_bRaz-Plus |
|
| 650 |
_asurvival _vNon-fiction |
||
| 650 |
_aanimals _vNon-fiction |
||
| 942 |
_2ddc _cBK _n0 |
||
| 999 |
_c5434 _d5434 |
||